|
|
|
|
| LEADER |
00698nam a22001817a 4500 |
| 082 |
|
|
|b RAM/A K8
|a 894.M4
|
| 100 |
|
|
|a രാമമേനോ൯ പുത്തേഴത്ത്
|9 211782
|
| 100 |
|
|
|a Ramamenon Puthezhathu
|9 211783
|
| 240 |
|
|
|a Aaranu Mahan
|
| 245 |
|
|
|a ആരാണു മഹാ൯
|
| 250 |
|
|
|a 1st
|
| 260 |
|
|
|a Trissur;
|b Amina Book Stall;
|c 1968
|
| 300 |
|
|
|a 96p.
|
| 650 |
|
|
|a മലയാളം; ഉപന്യാസങ്ങള്
|9 211784
|
| 650 |
|
|
|a Malayalam; Essays
|9 211785
|
| 942 |
|
|
|c BK
|
| 999 |
|
|
|c 49231
|d 49231
|
| 952 |
|
|
|0 0
|1 0
|4 0
|6 894_000000000000000_M4_RAM_A_K8
|7 0
|8 ESS
|9 58046
|a MAL
|b MAL
|d 2016-03-03
|e 35539
|g 1.50
|l 0
|o 894.M4 RAM/A K8
|p MAL035539
|r 2016-03-03
|t 1
|w 2016-03-03
|y BK
|